<?xml version="1.0" encoding="UTF-8"?>
<record
    xmlns:xsi="http://www.w3.org/2001/XMLSchema-instance"
    xsi:schemaLocation="http://www.loc.gov/MARC21/slim http://www.loc.gov/standards/marcxml/schema/MARC21slim.xsd"
    xmlns="http://www.loc.gov/MARC21/slim">

  <leader>00681nam a2200217   4500</leader>
  <datafield tag="952" ind1=" " ind2=" ">
    <subfield code="a">0001</subfield>
    <subfield code="b">0001</subfield>
    <subfield code="d">2019-08-08</subfield>
    <subfield code="l">0</subfield>
    <subfield code="o">923.254 Gandi,M. F57g 1983</subfield>
    <subfield code="p">011921</subfield>
    <subfield code="r">2019-08-08 00:00:00</subfield>
    <subfield code="w">2019-08-08</subfield>
    <subfield code="y">BKS</subfield>
  </datafield>
  <datafield tag="999" ind1=" " ind2=" ">
    <subfield code="c">13467</subfield>
    <subfield code="d">13467</subfield>
  </datafield>
  <controlfield tag="003">MIRAKIL</controlfield>
  <controlfield tag="005">20190808143739.0</controlfield>
  <controlfield tag="008">190808b        tu ||||| |||| 00| 0 tur d</controlfield>
  <datafield tag="040" ind1=" " ind2=" ">
    <subfield code="a">TR-AnCHP</subfield>
    <subfield code="c">TR-AnCHP</subfield>
  </datafield>
  <datafield tag="041" ind1=" " ind2=" ">
    <subfield code="a">tur</subfield>
  </datafield>
  <datafield tag="082" ind1=" " ind2=" ">
    <subfield code="a">923.254 Gandi,M.</subfield>
    <subfield code="b">F57g 1983</subfield>
  </datafield>
  <datafield tag="100" ind1=" " ind2=" ">
    <subfield code="a">Fischer, Louis</subfield>
  </datafield>
  <datafield tag="245" ind1="1" ind2="0">
    <subfield code="a">Gandi / </subfield>
    <subfield code="c">Louis Fischer ; T&#xFC;rk&#xE7;esi: Mehmet Harmanc&#x131;.</subfield>
  </datafield>
  <datafield tag="260" ind1=" " ind2=" ">
    <subfield code="a">[&#x130;stanbul] : </subfield>
    <subfield code="b">Milliyet yay&#x131;nlar&#x131;,</subfield>
    <subfield code="c">1983.</subfield>
  </datafield>
  <datafield tag="300" ind1=" " ind2=" ">
    <subfield code="a">232 s.:</subfield>
    <subfield code="b">fotg.;</subfield>
    <subfield code="c">19 sm.</subfield>
  </datafield>
  <datafield tag="490" ind1="0" ind2=" ">
    <subfield code="a">Milliyet yay&#x131;nlar&#x131;;</subfield>
    <subfield code="v">15.</subfield>
  </datafield>
  <datafield tag="600" ind1=" " ind2="0">
    <subfield code="9">5952</subfield>
    <subfield code="a"> Gandhi, Mahatma</subfield>
    <subfield code="d">1869-1948</subfield>
    <subfield code="x">ya&#x15F;am&#xF6;yk&#xFC;s&#xFC;</subfield>
  </datafield>
  <datafield tag="651" ind1=" " ind2="0">
    <subfield code="9">5953</subfield>
    <subfield code="a">Hindistan</subfield>
    <subfield code="x">Tarih</subfield>
  </datafield>
  <datafield tag="700" ind1="1" ind2=" ">
    <subfield code="9">1613</subfield>
    <subfield code="a">Harmanc&#x131;, Mehmet</subfield>
    <subfield code="e">&#xE7;ev.</subfield>
  </datafield>
  <datafield tag="942" ind1=" " ind2=" ">
    <subfield code="2">ddc</subfield>
    <subfield code="c">BKS</subfield>
  </datafield>
</record>
